000 00472pab a2200169 454500
008 180718b2002 xxu||||| |||| 00| 0 eng d
100 _aKahn, Matthew E.
245 _aDemographic change and the demand for environmental regulation
260 _c2002
300 _ap.45-62
362 _aWinter
650 _aEnvironmental legislation
650 _aDemography
650 _aPopulation dynamics
773 _aJournal of Policy Analysis and Management
909 _a51149
999 _c51149
_d51149